000 00998nam a2200265 i 4500
003 DO-SdBNP
005 20250129172553.0
006 a||||gr|||| 00| 0
007 ta
008 240206e1995 dr ||||| |||| 00| 0 spa d
040 _aDO-SdBNP
_bspa
_cBNPHU
_erda
082 4 _222
_bH519c
100 1 _aHenríquez Gratereaux, Federico,
_d1937-
_eautor
_92003
245 1 0 _aCuando los pueblos se mudan a otra parte /
_cFederico Henríquez Gratereaux.
264 1 _aSanto Domingo :
_b(CINCEC),
_c1995
300 _a7 páginas ;
_c21 cm.
336 _2rdacontent
_atexto
_btxt
337 _2rdamedia
_asin mediación
_bn
338 _2rdacarrier
_avolumen
_bnc
500 _aPalabras de Federico Henríquez Gratereaux en la XI Confeencia de Seguridad de las Islas Naciones del Caribe (CINCEC 95).
590 _aInventariado 2024 / MF
600 1 0 _aHenríquez Gratereaux, Federico,
_d1937-
_92003
711 _aXI Conferencia de Seguridad de las Islas Naciones del Caribe
_d(1995)
_985505
942 _2ddc
_cLF2
999 _c55808
_d55808